000 00720nam a22002177a 4500
005 20170213142229.0
010 _aENG-117226
020 _a9789386062338
_c425.00
035 _aEN-100758
037 _bDBAD/PUB
082 0 0 _a371.26
100 _aSullivan,Susan
245 _aRevolutionize assessment :
_cby Rick Stigging ;foreword by Michael Fullan
_bempower students,inspire learning /
250 _a4th ed.
260 _aNew Delhi
_bSAGE Publications
_c2016
270 _aB1/I-1 Mohan Cooperative Industrial Area, Mathura Road
_bNew Delhi
_e110044
300 _axiv,95p.
_c22cm(pbk)
500 _aIncludes reference and index
700 _a Fullan,Michael
942 _2ddc
_cEN
_h371.26
_mSTI
999 _c137552
_d137552